[Event "Reggio Emilia-A 52nd"]
[Site "Reggio Emilia"]
[Date "2010.01.02"]
[Round "5"]
[White "Bologan, Viktor"]
[Black "Safarli, Eltaj"]
[Result "1-0"]
[WhiteElo "2692"]
[BlackElo "2592"]
[Annotator "Bologan,V"]
[PlyCount "79"]
[EventDate "2009.12.28"]
[EventType "tourn"]
[EventRounds "9"]
[EventCountry "ITA"]
[EventCategory "15"]
[SourceTitle "CBM 134"]
[Source "ChessBase"]
[SourceDate "2010.01.18"]
[SourceVersion "1"]
[SourceVersionDate "2010.01.18"]
[SourceQuality "1"]

1. e4 c5 2. Nf3 d6 3. d4 cxd4 4. Nxd4 Nf6 5. Nc3 a6 6. Be3 e5 7. Nf3 Qc7 8. a4
Be7 9. a5 ({In my two previous games with this line I tried} 9. Be2 {after
which I scored 1,5 out of 2, but the game with Naiditsch left some questions
open, so I decided not to give Black the possibility to play b6.} O-O 10. O-O
b6 (10... h6 11. a5 Be6 12. Nd5 Nxd5 13. exd5 Bf5 14. c4 Nd7 15. b4 Bh7 16. Rc1
Rac8 17. Qb3 Kh8 18. Nd2 f5 19. f4 exf4 20. Bxf4 g5 21. Be3 f4 22. Bd4+ Bf6 23.
Qb2 $16 {Bologan Victor Viorel - Tsanas, Kallithea 6.7.2009 37th Greek Teams})
11. a5 {A dubious novelty found over the board.} bxa5 12. Bg5 Nbd7 13. Nd2 h6
14. Bxf6 Nxf6 15. Nc4 Rb8 $1 {Bologan Victor Viorel - Naiditsch Arkadij 2664 ,
Sibenik 23.9.2009 Croatian 1st league. and already White has to be very
precise in order to equalize the game.}) 9... O-O 10. Be2 Nbd7 11. O-O Nc5 $6 {
Possible but this may be not the best setup for Black. The knight is away from
the important squares e4 and d5.} 12. Nd2 (12. Nd5 {may be premature} Nxd5 13.
exd5 f5 $13) 12... Be6 13. Bf3 {White has to prevent d5, for example} (13. f3
d5) 13... Rfd8 (13... Rac8 {was also played more then 60 years ago by the
legendary David Bronstein} 14. Qe2 h6 15. Rfd1 Qc6 16. Ra3 $5 {defending on c3}
Rfe8 17. Rc1 Bf8 18. b4 Ncd7 19. Qd3 Qc7 20. Nd5 Bxd5 21. exd5 Qd8 22. c4 Qe7
23. Qb1 e4 24. Be2 $14 {Tolush Alexander (RUS) - Bronstein David I (RUS) 2432,
Parnu (Estonia) 1947. Later in the game David Ionovichi even managed to win
this inferior position.}) 14. b4 ({The alternative was the quiet} 14. Nd5 Bxd5
(14... Nxd5 15. exd5 Bf5 16. b4 Nd7 17. c4 $14) 15. exd5 e4 16. Bxc5 dxc5 17.
Bxe4 Nxd5 18. Qf3 Nf6 19. Bd3 Rd4 20. Rfe1 Rad8 21. Nc4 {with an edge for
White.}) 14... Nb3 $5 {This sharp move happened to be a novelty. Previously
the move played was:} (14... Ncd7 15. Nd5 Bxd5 16. exd5 Qc3 17. Qb1 Rac8 18.
Ra2 Ne8 19. Ne4 Qc4 20. c3 Nef6 21. Rd1 Nxe4 22. Bxe4 Nf6 23. Bf3 h6 24. Be2
Qh4 $14) 15. Nd5 {Important and actualy the only move.} Nxd5 ({During the game
I considered as better for Black} 15... Bxd5 16. cxb3 Be6 17. Bb6 Qc3 18. Bxd8
Rxd8 {now Black is winning back a pawn for the exchange and the question is,
whether White is left with any advantage at all.} 19. b5 (19. Nc4 Qxb4 20. h3
Nd7) 19... axb5 20. Qe2 d5 21. Rfc1 Qd4 22. exd5 Nxd5 23. Bxd5 Qxd5 24. Rd1 $14
) 16. exd5 Nxa1 17. dxe6 d5 $1 {Black has to establish control over the
central white squares.} (17... Nxc2 18. exf7+ Kf8 19. Bb6 Qc3 20. Nb1 Qb2 21.
Qd3 Nd4 22. Bxb7 d5 23. Nd2 Kxf7 24. Nf3 $16) 18. exf7+ Kf8 $1 (18... Kxf7 19.
Qxa1 d4 20. Qa2+ Kf8 21. Bh5 $18) (18... Kh8 19. Bb6 Qxc2 20. Bxd8 (20. b5 {!?}
) 20... Rxd8 21. Qxa1 Qxd2 22. Qxe5 Qxb4 23. Qc7 Rf8 24. Bxd5 $16) 19. Qxa1 ({
I rejected} 19. Bb6 {because of} Qxc2 20. Qxa1 Qxd2 21. Bxd8 (21. Qxe5 Qg5 22.
Qxg5 Bxg5 23. Bxd8 Rxd8 24. Rd1 Be7 {with good chances for a draw}) 21... Rxd8
22. Qxe5 Qxb4 {White is still better but not much.}) 19... d4 20. Ne4 dxe3 21.
fxe3 Bxb4 $4 {The decisive mistake, I was mostly afraid of} (21... Qxc2 {
after which I could not find anything serious even back home I had the same
problems. White is everywhere better, but not enough for a win} 22. Qxe5 Qd3 $1
23. Nc5 (23. Nf2 Qd6 24. Qe4 Qg6 {=}) 23... Bxc5 24. Qxc5+ (24. bxc5 Rd7 25.
Rd1 Qb5) 24... Qd6 25. Bxb7 (25. Qf5 Qg6 26. Bxb7 Qxf5 27. Rxf5 Ra7 28. Bd5 g6
29. Rg5 h6 30. Re5 Re7 {!=}) 25... Rab8 26. Bxa6 Qxc5 27. bxc5 Ra8 28. Bb7 Rxa5
29. c6 Rc5 {=}) 22. Ng5 Qc3 (22... Qxa5 23. Qb2 $16) 23. Qxc3 Bxc3 {Here I
decided to go for a theoretically winning endgame with different coloured
bishops. In it, the main idea is that White has two extra passed pawns with
three files between them.} 24. Bxb7 Rab8 25. Nxh7+ Ke7 26. Bxa6 {White is not
in a rush to take the exchange} Bxa5 27. f8=Q+ Rxf8 28. Nxf8 Rxf8 29. Rxf8 Kxf8
30. Kf2 {Now it's over.} Ke7 31. Kf3 Bb6 32. h4 Kf6 33. Ke4 Bc5 34. Bb5 g6 35.
Be8 Bb6 36. c4 Ba7 37. g4 Bc5 38. g5+ Kg7 39. Kd5 Bxe3 40. c5 1-0

[Event "Olympiad-31"]
[Site "Moscow"]
[Date "1994.12.04"]
[Round "4.1"]
[White "Bologan, Viktor"]
[Black "Dao, Thien Hai"]
[Result "1-0"]
[WhiteElo "2600"]
[BlackElo "2475"]
[Annotator "Bologan,V"]
[PlyCount "77"]
[EventDate "1994.12.01"]
[EventType "team-swiss"]
[EventRounds "14"]
[EventCountry "RUS"]
[SourceTitle "CBM 045"]
[Source "ChessBase"]
[SourceDate "1995.04.01"]
[SourceVersion "1"]
[SourceVersionDate "1995.04.01"]
[SourceQuality "1"]
[WhiteTeam "Moldova"]
[BlackTeam "Vietnam"]
[WhiteTeamCountry "MDA"]
[BlackTeamCountry "VIE"]

1. e4 {Ftacnik} c5 2. Nf3 d6 3. d4 cxd4 4. Nxd4 Nf6 5. Nc3 a6 6. Be3 e5 7. Nb3
Be6 8. Qe2 $1 (8. Nd5 {Ftacnik}) (8. f4 {Ftacnik}) (8. Qd2 {Ftacnik}) 8... Be7
(8... Nbd7 $5 9. O-O-O Rc8 10. f3 Rxc3 $5 (10... Be7 11. g4 Rxc3 12. bxc3 d5
13. g5 $18) (10... b5 11. g4 Bc4 12. Qf2 b4 13. Bxc4 Rxc4 14. Nd5 Nxd5 15. Rxd5
$16) 11. bxc3 d5 12. Kb2 dxe4 13. Bg5 exf3 14. gxf3 Be7 15. Rg1 O-O 16. Bh6 $40
) 9. O-O-O O-O 10. h3 b5 (10... Nbd7 $5 {Ftacnik} 11. g4 Nb6 12. g5 Nfd7 13. h4
Nc4 $14) 11. g4 Nc6 (11... b4 {Ftacnik} 12. Nd5 Nxd5 13. exd5 Bd7 14. Nd2 Bg5
15. Ne4 $16) 12. g5 Nd7 13. h4 Rc8 14. Kb1 $16 (14. Nd5 Bxd5 $6 (14... f5 $132)
15. exd5 Nb4 16. c3 Nxa2+ 17. Kb1 Nxc3+ 18. bxc3 Rxc3 19. Kb2 $16) 14... Na5 (
14... Bc4 {Ftacnik} 15. Qg4 $40) 15. Nd5 Nc4 (15... Nxb3 {Ftacnik} 16. axb3 $14
) 16. Bc1 $6 (16. f4 $32 Nxe3 17. Qxe3 Bxd5 18. Rxd5 Nb6 19. Rd1 Nc4 20. Bxc4
bxc4 21. Nc1 exf4 22. Qxf4 $14) 16... Ndb6 17. f4 Na4 {/\18...Bd5 19.Rd5 Na3-+/
} (17... Nxd5 18. exd5 Bf5 19. Bh3 Na3+ 20. bxa3 Rxc2 21. Qxc2 Bxc2+ 22. Kxc2
$16) 18. Ka1 (18. f5 $2 {Ftacnik} Bxd5 19. Rxd5 Na3+ $1 20. Ka1 Nxc2+ 21. Kb1
Na3+ 22. Ka1 Qc7 $17) 18... Bxd5 19. exd5 f5 $1 (19... exf4 $5 {Ftacnik} 20.
Qe4 (20. Nd4 Re8 21. Nc6 Qc7 22. Qf2 Ne3 $13) 20... Ne3 21. Bd3 g6 22. Bxe3
fxe3 23. Qxe3 (23. Rde1 Nc5) 23... Re8 24. Qf4 $14 {/\ Nd4}) 20. Bh3 Qd7 $2 (
20... Qc7 $13) (20... e4 {Ftacnik} 21. Nd4 Qd7 22. Qxe4 $1) 21. Nd2 Nxd2 (21...
exf4 $5 {Ftacnik} 22. Nxc4 Rxc4 23. Rde1 Re8 24. Rhf1 Nb6 25. Qd3 g6 26. Bxf4
$14) 22. Rxd2 Qc7 23. g6 $1 $16 h6 (23... e4 {Ftacnik} 24. gxh7+ Kh8 25. Qh5
Qd7 26. Rg1 Bd8 27. Rdg2 Rf7 28. Rxg7 $1 Rxg7 29. Rxg7 Qxg7 30. Qe8+ Kxh7 31.
Bxf5+ Kh6 32. Bxc8 $18) (23... hxg6 {Ftacnik} 24. h5 g5 25. h6 $1 g4 (25...
gxh6 26. Qh5 Bf6 27. Bxf5 $18) 26. hxg7 Rf7 27. Bxg4 fxg4 28. Qxg4 $18) 24.
fxe5 dxe5 25. Rf1 Bb4 (25... Qd7 {Ftacnik} 26. Qxe5 $16) 26. d6 Qa5 (26... Bxd6
{Ftacnik} 27. Bxf5 $16) 27. Rd3 e4 (27... Nc3 {Ftacnik} 28. bxc3 Bxc3+ 29. Bb2
Bxb2+ 30. Kxb2 $18) 28. Bxf5 $1 $18 exd3 (28... Rxf5 {Ftacnik} 29. Rxf5 exd3
30. Qe6+ $18) 29. Be6+ Kh8 30. Bxc8 Rxc8 (30... dxe2 $4 {Ftacnik} 31. Rxf8#) (
30... Rxf1 $2 {Ftacnik} 31. Qe8+) 31. d7 Rg8 32. Qxd3 Be7 (32... Nc5 {Ftacnik}
33. Qd4 Ne6 34. Qe5 Nf8 (34... Qb6 35. Bxh6 $18) 35. Bxh6 Nxd7 36. Qh5 $18) 33.
Bxh6 $3 gxh6 (33... Nxb2 {Ftacnik} 34. Bxg7+ $3 Rxg7 35. Rf8+ Bxf8 36. d8=Q
Qxd8 (36... Nxd3 37. Qxf8+ Rg8 38. Qh6#) 37. Qxd8 Rg8 38. Qg5 $18) 34. Qe3 Rg7
(34... Rxg6 {Ftacnik} 35. Qxe7 $18) (34... Bf8 {Ftacnik} 35. Rxf8 Rxf8 36.
Qxh6+ Kg8 37. Qh7#) 35. Rf7 Rxg6 36. Rxe7 Rf6 (36... Qd8 {Ftacnik} 37. Qe5+ Kg8
38. Re8+ Kf7 39. Qf5+ Qf6 40. Qd5+ $18) 37. Re8+ Kg7 38. Qg3+ Rg6 39. Qe5+ (39.
Qe5+ {Ftacnik} Rf6 40. Re7+ Kg8 41. Qg3+) 1-0

[Event "Montecatini Terme op"]
[Site "Montecatini Terme"]
[Date "1997.08.06"]
[Round "6"]
[White "Sax, Gyula"]
[Black "Colovic, Aleksandar"]
[Result "1-0"]
[WhiteElo "2570"]
[BlackElo "2360"]
[Annotator "Bulletin"]
[PlyCount "79"]
[EventDate "1997.11.??"]
[EventType "swiss"]
[EventRounds "9"]
[EventCountry "ITA"]
[SourceTitle "EXT 1999"]
[Source "ChessBase"]
[SourceDate "1998.11.16"]
[SourceVersion "1"]
[SourceVersionDate "1998.11.16"]
[SourceQuality "1"]

1. e4 c5 2. Nf3 d6 3. d4 cxd4 4. Nxd4 Nf6 5. Nc3 a6 6. Be3 e5 7. Nb3 Be7 8. f3
O-O 9. Qd2 Be6 10. O-O-O Nbd7 11. g4 b5 12. Kb1 Nb6 13. Qf2 Rb8 14. Nc5 Bc8 (
14... b4 15. Nxa6 (15. N3a4 Nxa4 16. Nxa4 Nd7 17. b3 $14) 15... bxc3 16. Nxb8
Qxb8 17. Bxb6 $17) 15. Nd3 Nc4 16. Nb4 Nxe3 17. Qxe3 Bb7 (17... Qb6 18. Qxb6
Rxb6 19. Nbd5 Nxd5 20. Nxd5 Rb7 21. Nxe7+ Rxe7 22. Rxd6 $18) 18. Qa7 Qc8 19.
Nbd5 Nxd5 20. Nxd5 Bd8 21. Qe3 Bxd5 22. Rxd5 Bb6 23. Qd2 (23. Qa3 Bc5 24. b4
Bd4 25. Rxd6 $17) 23... Bc5 24. Bd3 Qc7 25. h4 Qb6 26. Be2 Rfd8 27. Rd1 b4 $2 (
27... a5 28. g5 b4 $14) 28. Bxa6 Bd4 (28... Qxa6 29. Rxc5 Ra8 30. Qd5 b3 31. a3
$18) 29. Qd3 Ra8 30. Bc4 Ra5 31. f4 Rxd5 32. Bxd5 Rc8 33. g5 Qa5 34. Bb3 Qc5
35. f5 Kf8 36. g6 hxg6 37. fxg6 fxg6 38. Qf3+ Ke7 39. Qf7+ Kd8 40. Ba4 1-0

[Event "Budapest FS05 GM"]
[Site "Budapest"]
[Date "1995.??.??"]
[Round "6"]
[White "Varavin, Viktor"]
[Black "Bigaliev, Renat Damirovich"]
[Result "1-0"]
[WhiteElo "2520"]
[BlackElo "2345"]
[Annotator "Bulletin"]
[PlyCount "73"]
[EventDate "1995.05.??"]
[EventType "tourn"]
[EventRounds "11"]
[EventCountry "HUN"]
[EventCategory "9"]
[SourceTitle "CBM 047 Extra"]
[Source "ChessBase"]
[SourceDate "1995.09.01"]
[SourceVersion "1"]
[SourceVersionDate "1995.09.01"]
[SourceQuality "1"]

1. e4 c5 2. Nf3 d6 3. d4 cxd4 4. Nxd4 Nf6 5. Nc3 a6 6. Be3 e5 7. Nb3 Be6 8. Qd2
Nbd7 9. O-O-O Be7 10. f3 b5 11. g4 h6 12. h4 Nb6 13. Qf2 Nfd7 14. Nd5 Bxd5 15.
exd5 Qc7 16. Kb1 Nc4 17. Bc1 Qb6 18. Qe1 Rc8 19. Bd3 Nc5 20. f4 Na4 21. g5 h5
22. Rh2 $1 Rc7 23. Re2 f6 (23... O-O 24. Rg2 {/\ 25. Qe4 g6 26. f5}) 24. gxf6
Bxf6 (24... gxf6 25. Rg2 $5 {/\ Rg7, Qg3}) 25. fxe5 Bxe5 (25... Nxe5 26. Nd4 $1
$36) 26. Bxc4 $1 bxc4 27. Rxe5+ $1 dxe5 28. d6 $1 Rd7 29. Qxe5+ Kd8 30. Qe4 $1
$18 {(/\ Qa8)} Rxd6 31. Bg5+ $1 Kc8 32. Rxd6 Qxd6 33. Qxc4+ Qc7 34. Qxa6+ Qb7
35. Qc4+ Kb8 36. Qxa4 Rf8 37. Bf4+ 1-0

[Event "Bugojno"]
[Site "Bugojno"]
[Date "1978.03.11"]
[Round "12"]
[White "Larsen, Bent"]
[Black "Bukic, Enver"]
[Result "1/2-1/2"]
[WhiteElo "2620"]
[BlackElo "2500"]
[Annotator "Bulletin"]
[PlyCount "127"]
[EventDate "1978.02.27"]
[EventType "tourn"]
[EventRounds "15"]
[EventCountry "YUG"]
[EventCategory "14"]
[SourceTitle "MCL"]
[Source "ChessBase"]
[SourceDate "1999.07.01"]
[SourceVersion "1"]
[SourceVersionDate "1999.07.01"]
[SourceQuality "1"]

1. e4 c5 2. Nf3 d6 3. d4 cxd4 4. Nxd4 Nf6 5. Nc3 a6 6. a4 Nc6 7. Be2 e5 8. Nxc6
(8. Nb3 Be7 9. O-O O-O 10. f4 b6 11. f5 Bb7 12. Nd5 $5 Nxe4 13. Be3 $1 $13 {
Gaprindashvili-Hasin, USSR 1977}) 8... bxc6 9. f4 Be7 10. fxe5 dxe5 11. Qxd8+
Bxd8 12. a5 Be6 13. Ra4 O-O 14. Be3 Bc7 15. O-O Rfb8 16. b3 Ne8 17. Rd1 (17.
Rfa1 Nd6 18. Bb6 Rxb6 $2 (18... Bd8 19. Rd1 Nb5) 19. axb6 Bxb6+ 20. Kf1 Bd4 21.
Rxa6 Rc8 22. Ra8 $18) 17... Nd6 18. Raa1 Nb7 19. b4 Nd6 20. Bc5 Nb5 21. Bxb5 (
21. Na4 Nd4 22. Bd3) 21... cxb5 22. Nd5 Rb7 23. Rd3 f6 24. Rad1 Kf7 25. Nxc7
Rxc7 26. Rd6 $10 h5 27. Kf2 Bg4 28. R1d2 Be6 29. h3 Rb7 30. Kf3 h4 31. Rb6 Rd7
32. Rxd7+ Bxd7 33. Rb7 Ke8 34. Ke3 g5 35. Kf2 Rc8 36. Ra7 Rc6 37. Ke3 Be6 38.
Kd2 Bd7 39. Ra8+ Kf7 40. Rf8+ Kg7 41. Ra8 Be6 42. Ra7+ Kg6 43. Ke3 Bc8 44. Kd3
Be6 45. Bf8 Bc4+ 46. Ke3 Bf7 47. Kd2 Be6 48. Rg7+ Kh5 49. Bc5 Kh6 50. Re7 Kg6
51. Ke3 Bf7 52. Kf3 Ba2 53. g4 $2 $10 hxg3 54. Kxg3 Bb1 55. Kf3 Bxc2 56. Rb7 f5
57. exf5+ Kxf5 58. Rf7+ Kg6 59. Rd7 Bf5 60. Rd6+ Rxd6 61. Bxd6 Kf6 62. Kg3 Bd7
63. Bc5 Kf5 64. Be3 1/2-1/2

[Event "BCF-ch"]
[Site "Dundee"]
[Date "1993.??.??"]
[Round "6"]
[White "Hennigan, Michael"]
[Black "Hodgson, Julian M"]
[Result "1/2-1/2"]
[WhiteElo "2415"]
[BlackElo "2625"]
[Annotator "Bulletin"]
[PlyCount "99"]
[EventDate "1993.08.??"]
[EventType "swiss"]
[EventRounds "11"]
[EventCountry "SCO"]
[SourceTitle "CBM 038"]
[Source "ChessBase"]
[SourceDate "1994.02.01"]
[SourceVersion "1"]
[SourceVersionDate "1994.02.01"]
[SourceQuality "1"]

1. e4 c5 2. Nf3 d6 3. d4 cxd4 4. Nxd4 Nf6 5. Nc3 a6 6. Be3 Ng4 7. Bg5 h6 8. Bh4
g5 9. Bg3 Bg7 10. Qd2 Nc6 11. Nb3 Be6 12. h4 gxh4 13. Bxh4 Rc8 14. O-O-O b5 (
14... Nb4 15. Kb1 Qb6 16. f3 {Shirov-Oll Wijk aan Zee 93}) 15. Nd5 Nge5 16. c3
(16. f4 $2 Nc4 17. Bxc4 bxc4 18. Na1 Bxd5 19. exd5 c3) 16... Nc4 17. Bxc4 $2 (
17. Qc2 Bxd5 18. exd5 (18. Rxd5) 18... Nb4 19. Qf5 Nxa2+ 20. Kb1 Nxb2) (17. Qe1
$13) 17... bxc4 18. Nd4 Bxd5 $2 (18... Bxd4 $1 19. cxd4 Bxd5 20. exd5 c3 21.
bxc3 (21. Qc2 cxb2+ (21... Nb4 22. Qa4+) 22. Kxb2 (22. Kb1 Nxd4 23. Qa4+ Nb5)
22... Nb4 (22... Nxd4 23. Qa4+ Nb5 24. Rhe1 Rc7 $13) 23. Qa4+ Kf8 24. Qb3 Rb8
25. Ka1) 21... Nb4 22. Rh3 Nxd5 $15) 19. exd5 (19. Nf5 Bxe4 20. Nxg7+ Kf8 21.
Qf4 Kxg7 22. Qxe4 Ne5 $15) 19... Nxd4 (19... Bxd4 20. dxc6 $1 Be5 21. f4 Bg7
22. Rhe1 $16) 20. cxd4 c3 21. bxc3 Qa5 22. Rh3 Qxd5 23. Rg3 Rg8 (23... Kf8 24.
Bxe7+) 24. Re1 Rc7 25. Bf6 $1 Bxf6 (25... Qa5 $5 26. Bxg7 (26. Ree3 Kf8) 26...
Rxg7 27. Rxg7 Rxc3+ 28. Kb1 (28. Kd1 Qa4+ 29. Ke2 Rc2) 28... Rb3+ $1) 26. Rxg8+
Kd7 27. Rg3 $2 (27. Kb1 $13) 27... Qxd4 $2 (27... Bg5 $1 28. f4 (28. Rxg5 hxg5
$17 {/\ a5-a4-a3}) (28. Ree3 Bxe3 $17) 28... Bh4 29. Rge3 Bxe1 30. Rxe1 $17 Qc4
31. Kb2 a5) (27... Bxd4 28. Rd3 e5 29. Kd1) 28. Qxd4 Bxd4 29. Rf3 Bxc3 30. Rh1
a5 $2 (30... Bf6+ $1 31. Kd1 Rb7 32. Rb3 Rxb3 33. axb3 Bg5 34. g3 e5 35. Kc2 {
Threat Ra1} Kc6 $10 36. Kd3) 31. Kd1 Bf6 32. Rxh6 $14 Bg5 33. Rh5 Rc1+ 34. Ke2
Rc2+ 35. Kd3 Rd2+ 36. Kc3 Rd5 37. Kb3 (37. Rxf7 Bf6+) 37... f6 38. Rh7 Rd4 39.
g3 d5 40. Kc3 Rd2 (40... Rc4+ 41. Kb2 $2 Bc1+ 42. Kb3 a4#) 41. Rf5 $1 d4+ $8
42. Kc4 Ke6 43. g4 d3 44. f4 Rg2 $1 (44... Rg2 $1) 45. Kxd3 (45. fxg5 Rxg4+)
45... Rxg4 46. Rxa5 $2 (46. Ke4 $1 Rg1 47. Rxa5 Re1+ 48. Kf3 Rf1+ 49. Ke2 Rxf4
50. Ra6+ Kd5 51. Rxe7 $14) 46... Bxf4 47. Rh1 Bd6 48. Re1+ Kd7 49. Ra7+ Kc6 50.
Raxe7 1/2-1/2

[Event "Snowdrops-Old Hands"]
[Site "Podebrady"]
[Date "2013.12.06"]
[Round "6.3"]
[White "Muzychuk, Mariya"]
[Black "Dorfman, Josif D"]
[Result "0-1"]
[WhiteElo "2491"]
[BlackElo "2580"]
[Annotator "CB"]
[PlyCount "86"]
[EventDate "2013.11.30"]
[EventType "schev"]
[EventRounds "8"]
[EventCountry "CZE"]
[SourceTitle "CBM 157 Extra"]
[Source "ChessBase"]
[SourceDate "2013.12.19"]
[SourceVersion "1"]
[SourceVersionDate "2013.12.19"]
[SourceQuality "1"]
[WhiteTeam "Snowdrops"]
[BlackTeam "Old Hands"]
[WhiteClock "0:31:19"]
[BlackClock "0:37:13"]

1. e4 c5 2. Nf3 d6 3. d4 cxd4 4. Nxd4 Nf6 5. Nc3 a6 6. h3 e5 7. Nde2 h5 8. Bg5
Be6 9. f4 Nbd7 10. f5 Bc4 11. Ng3 Rc8 12. Qf3 Qa5 13. Bxc4 Rxc4 14. O-O-O b5
15. Kb1 Rxc3 16. bxc3 Nb6 17. Bxf6 gxf6 18. Nxh5 $2 {Oops, walks into a trap.}
Rxh5 19. Rd3 (19. Qxh5 $4 Qa3 {with the threat} 20. Z0 Nc4 {and} 21. Z0 Qb2#)
19... Nc4 20. Ka1 Rh4 ({or} 20... Qa3 21. Rb1 $17) 21. Qf2 Rh8 22. Qa7 {
But all to no avail - with two minor pieces for rook and pawn Dorfman wins
this game.} Be7 23. Rb1 Rg8 24. g4 Bd8 25. Rb4 Kf8 26. Qb7 Bb6 27. Rb3 Bc5 28.
Rd5 Qb6 29. Qxb6 Nxb6 30. Rd3 Kg7 31. Rb1 Rh8 32. Rh1 Rh4 33. Kb2 Kh6 34. Kc1
Nc4 35. Rf3 Kg5 36. Kd1 d5 37. Re1 dxe4 38. Rxe4 Nd6 39. Re2 e4 40. Rg3 Kf4 41.
Reg2 Bf2 42. Rd3 exd3 43. Rxf2+ Ke5 0-1

[Event "Morelia/Linares 23rd"]
[Site "Morelia/Linares"]
[Date "2006.02.20"]
[Round "3"]
[White "Svidler, Peter"]
[Black "Leko, Peter"]
[Result "1/2-1/2"]
[WhiteElo "2765"]
[BlackElo "2740"]
[Annotator "CB"]
[PlyCount "42"]
[EventDate "2006.02.18"]
[EventType "tourn"]
[EventRounds "14"]
[EventCountry "ESP"]
[EventCategory "20"]
[SourceTitle "CBM 112"]
[Source "ChessBase"]
[SourceDate "2006.06.07"]
[SourceVersion "1"]
[SourceVersionDate "2006.06.07"]
[SourceQuality "1"]

1. e4 c5 2. Nf3 d6 3. d4 cxd4 4. Nxd4 Nf6 5. Nc3 a6 6. Be3 e5 {Leko has
include d the Najdorf in his repertoire only recently and we can feel the
inheritance of his long practice with the Sveshnikov still: with the first
given opportunity, he drives the enemy knight away from the centre, without
caring about the relative weakness of the d5-square too much.} 7. Nf3 Be7 8.
Bc4 O-O 9. O-O Be6 10. Bb3 Nc6 11. Bg5 Nd7 12. Bxe7 Qxe7 13. Nd5 Qd8 14. c3 Na5
15. Re1 Rc8 16. h3 {#} b5 ({This is a significant improvement over Leko's
previous game in this variation.} 16... Nb6 17. Nxb6 Qxb6 18. Bxe6 fxe6 19. Re2
Rc6 20. Qd3 Qc7 21. Rd1 Nc4 22. b3 Nb6 23. c4 Nc8 24. Red2 {and Black found
himself in a very passive position, Anand-Leko, Wijk aan Zee 2006. The idea
behind the novelty is to cut off the support provided by the b3-bishop to the
central knight.}) 17. Nh2 Nc4 18. Bxc4 bxc4 19. b4 cxb3 20. axb3 Bxd5 21. Qxd5
Rxc3 {Mutual weaknesses compensate each other in the final position.} 1/2-1/2

[Event "Tbilisi FIDE GP"]
[Site "Tbilisi"]
[Date "2015.02.26"]
[Round "10"]
[White "Dominguez Perez, Leinier"]
[Black "Mamedyarov, Shakhriyar"]
[Result "1/2-1/2"]
[WhiteElo "2726"]
[BlackElo "2759"]
[Annotator "CB"]
[PlyCount "107"]
[EventDate "2015.02.15"]
[EventType "tourn"]
[EventRounds "11"]
[EventCountry "GEO"]
[EventCategory "20"]
[SourceTitle "CBM 165"]
[Source "ChessBase"]
[SourceDate "2015.03.11"]
[SourceVersion "1"]
[SourceVersionDate "2015.03.11"]
[SourceQuality "1"]

1. e4 c5 2. Nf3 d6 3. d4 cxd4 4. Nxd4 Nf6 5. Nc3 a6 6. f3 {Dominguez usually
prefers this move order over 6.Be3 to prevent 6...Ng4.} Qb6 $5 {One of the new
options available for Black now that White played 6.f3. This leads to highly
complex play as White has some problems developing along the darksquares, but
the queen on b6 can become a target.} 7. g4 (7. Nb3 {is more common.}) 7... Nc6
8. Nb3 e6 9. Qe2 Qc7 10. Be3 b5 11. O-O-O Nd7 12. Qf2 Nce5 13. Rg1 {Dominguez
is the first to deviate, not waiting to see what Mamedyarov had in store.} (13.
Kb1 Be7 14. Rg1 g5 $5 {led to a comlicated game in which the Cuban played
annihilated the Azeri in Dominguez-Mamedyarov, Tromso Olympiad 2014.}) 13...
Rb8 14. a3 $5 {This seems to invite b4, but that move is actually not possible.
} Bb7 (14... b4 15. axb4 Rxb4 16. f4 Nc4 17. Rd4 $5 {and suddenly the pin on
the 4th rank is very unpleasant!}) 15. f4 Nc4 16. Bxc4 bxc4 17. Nd2 Be7 18. g5
d5 19. f5 $5 {The Sicilian as it is supposed to be played. Both sides are
trying to push their idea: Black has opened the b-file for his rook as well as
trying to open lines for his bishops, meanwhile White is trying to punish
Black's uncastled position.} dxe4 20. fxe6 fxe6 21. Rgf1 Rf8 22. Qh4 Bd5 23.
Rxf8+ Nxf8 24. Bf4 $1 Bd6 25. Bxd6 Qxd6 26. Nxc4 Qc7 27. Nxe4 $1 {Tactically
the knights are untouchable due to the fork on d6, so White emerges up a pawn.
Not only that, he has some positional pluses, including play against the
isolated e-pawn.} Kf7 28. Ned2 (28. Ncd6+ Kg8 29. Qg3 {was more incisive.})
28... Kg8 29. Ne3 Rc8 30. Qg3 e5 31. Nb1 Be6 32. Nc3 Ng6 33. Ned5 Qf7 34. Qe3
Qf5 35. Ne4 Rf8 36. b3 Qg4 37. Ndc3 Nf4 38. Kb2 {White has taken a roundabout
way of consolidating, but now he has blockaded the e-pawn and his king is in
relative safety. Dominguez is on his way to win this game, or so it seems.} Bf5
39. Rd2 (39. Nd6 $1 Qxg5 40. Qxe5 $18) 39... Ne6 40. Nd6 Qxg5 41. Re2 $2 {
This move is simply hard to explain.} (41. Nxf5 Qxf5 42. Qb6 {leads to winning
advantage since after taking on a6 White will have three passed pawns.}) (41.
Qxg5 Nxg5 42. Nd5 {was a stronger way of exchanging queens as now the knights
control the board. Black will have trouble holding on to his pawns.}) 41...
Qxe3 42. Rxe3 Nd4 {now there is counterplay against c2 and it is not trivial
to win this position at all.} 43. Rxe5 $2 (43. Nce4 $14) 43... Bxc2 44. Rd5 Rf4
{perhaps Dominguez underestimated this move, but Black is now out of the
dangerous waters.} 45. Nce4 Bxe4 46. Rxd4 Rf2+ 47. Kc3 Bg6 48. h4 Rf3+ 49. Kb4
Bc2 50. Rc4 {winning a bishop, but not the game.} Rxb3+ 51. Ka5 Rxa3+ 52. Kb6
Rb3+ 53. Ka7 g5 54. Rxc2 1/2-1/2